000 00378nam a2200121Ia 4500
008 250110s9999 xx 000 0 und d
041 _aeng
100 _aLalbige Shivali
_9184144
245 _aLandscape Policies And Design Guidelines For Urban Quarryscape Of Pune City
260 _bBNCA M Arch LA, Pune
_c2020
300 _a46p
700 _aGuide Name:Khatavkar Anupama
_9210941
999 _c364561
_d364561